Представление документа в формате RUSMARC

ПолеНазваниеЗначение
  Тип записи i
  Библиографический уровень c
001 Контрольный номер RU/IS/BASE/582898939
005 Дата корректировки 20210226145846.5
010 Индекс ISBN __
d Цена 269-04
100 Данные общей обработки __
a Данные общей обработки 19180621d2007||||||| 0rusy0189 ca
101 Язык документа 1_
a Язык текста rus
c Язык оригинала nnn
102 Страна публикации __
a Страна публикации ru
105 Кодированные данные (монография) __
a Кодированные данные (монография) nn|||||||f|zy
127 Кодированные данные (звукозаписи-физические характеристики) __
a Продолжительность проигрывания 685000
200 Заглавие и сведения об ответственности 1_
a Заглавие Рассказы о Патере Брауне
f Первые сведения об ответственности Гилберт Кийт Честертон ; [перевод: Б. И. Исков ; автор сценария, режиссер, музыка: Б. Соколов ; исполнители: И. Автух и др. ; продюсеры: В. Бух, М. Литваков]
b Общее обозначение материала Звукозапись
210 Выходные данные 1_
a Место издания Москва
c Издательство Вимбо
d Дата издания 2007
215 Физическое описание __
a Объем 1 электрон. опт. диск (Audio CD)
c Иллюстрации/тип воспроизводства mp3, stereo
d Формат 12х14 см
225 Серия 2_
a Серия Знаменитые детективы
230 Специфическая характеристика материала: электронные ресурсы __
a Обозначение и объем ресурса Электронные звуковые данные
300 Общие примечания __
a Общие примечания Заглавие с этикетки диска
323 Примечание о главных создателях, исполнителях, участниках __
a Примечание о главных создателях, исполнителях, участниках Автух, И. (читает)
323 Примечание о главных создателях, исполнителях, участниках __
a Примечание о главных создателях, исполнителях, участниках Гейхман, М. (читает)
323 Примечание о главных создателях, исполнителях, участниках __
a Примечание о главных создателях, исполнителях, участниках Кутасов, С. (читает)
323 Примечание о главных создателях, исполнителях, участниках __
a Примечание о главных создателях, исполнителях, участниках Писаренко, Д. (читает)
323 Примечание о главных создателях, исполнителях, участниках __
a Примечание о главных создателях, исполнителях, участниках Пономарев, А. (читает)
323 Примечание о главных создателях, исполнителях, участниках __
a Примечание о главных создателях, исполнителях, участниках Стычкин, Е. (читает)
330 Аннотация __
a Аннотация Рассказы Гилберта Кийта Честертона о патере Брауне принесли ему мировую славу и стали безусловной классикой детективного жанра. Тихий и скромный священник не только мастерски разоблачает преступников, но и пытается найти в каждом из них что-то хорошее, пробудить в них совесть.
337 Примечание о системных требованиях (электронные ресурсы) __
a Примечание о системных требованиях (электронные ресурсы) Системные требования: CD-плеер с поддержкой MP3, или Pentium-233 c Windows 9x-XP ; CD-ROM ; звуковая карта
606 Тематические рубрики __
a Основная рубрика Художественная литература
606 Тематические рубрики __
a Основная рубрика Литература Европы (произведения)
y Географическая подрубрика Англия
y Географическая подрубрика Великобритания
610 Ключевые слова 0_
a Ключевые слова английская литература
a Ключевые слова детективная литература
a Ключевые слова детективы
a Ключевые слова зарубежная литература
a Ключевые слова иностранная литература
a Ключевые слова литературные герои
a Ключевые слова литературные персонажи
a Ключевые слова отец Браун
a Ключевые слова рассказы
a Ключевые слова тема преступлений
a Ключевые слова тема расследований
a Ключевые слова тема священнослужителей
a Ключевые слова тема сыщиков
686 Индексы других классификаций __
2 Код системы rubbks
a Классификационный индекс 84(4Вел)53-445я04
700 Автор _1
a Фамилия Честертон
b Имя Г. К.
f Даты 1874-1936
g Полное личное имя Гилберт Кит
4 Код отношения 070
702 Вторичная интеллектуальная ответственность _1
a Фамилия Исков
b Имя Б. И.
4 Код отношения Переводчик
4 Код отношения 730
702 Вторичная интеллектуальная ответственность _1
a Фамилия Соколов
b Имя Б.
4 Код отношения Сценарист
4 Код отношения 690
4 Код отношения 070
4 Код отношения 230
702 Вторичная интеллектуальная ответственность _1
a Фамилия Бух
b Имя В.
4 Код отношения Продюсер
4 Код отношения 570
702 Вторичная интеллектуальная ответственность _1
a Фамилия Литваков
b Имя М.
4 Код отношения Продюсер
4 Код отношения 570
801 Источник записи _0
a Страна ru
b Организация Муниципальное бюджетное учреждение культуры "Централизованная библиотечная система" г. Сургут (Центральная городская библиотека им. А. С. Пушкина)
c Дата составления 20180621
g Правила каталогизации rpk
801 Источник записи _1
a Страна ru
b Организация Муниципальное бюджетное учреждение культуры "Централизованная библиотечная система" г. Сургут (Центральная городская библиотека им. А. С. Пушкина)
c Дата составления 20180621
g Правила каталогизации rpk
852 Данные о местонахождении __
j Шифр хранения 84(4Вел)53-445я04
i Авторский знак Ч-51
901 Тип документа __
t Тип документа x
a Ответственный КиК/Лукашук
903 Характеристики (МАРС) __
a Дата передачи 20180621
969 Тип издания __
a Тип издания аудиокнига; издание для слепых
990 Данные о заказе (DOS) __
j Количество экземпляров (DOS) 2
t N записи в КСУ для И/У (DOS) 201806